[Event "Botvinnik Cup 2018"]
[Site "Moscow"]
[Date "2018.08.10"]
[Round "2"]
[White "Kovalev, Vladislav"]
[Black "Manukyan, Sevak N"]
[Result "1-0"]
[WhiteElo "2667"]
[BlackElo "1799"]
[Annotator "TA"]
[PlyCount "133"]
[EventDate "2018.08.10"]
[EventCountry "RUS"]
[SourceTitle "playchess.com"]
[Source "ChessBase"]
[SourceQuality "1"]

{[%evp 17,133,1,-4,-3,20,21,10,7,31,16,19,15,20,17,36,32,36,24,30,39,68,68,68,68,70,70,104,104,104,104,107,107,206,239,238,223,196,117,117,117,117,117,117,117,117,117,117,117,117,117,117,117,117,117,114,84,383,383,364,354,337,326,334,312,773,735,995,986,985,926,3050,6606,6610,2930,2766,916,2776,1692,1521,1218,1027,992,29963,29964,29964,29965,29961,29961,29960,29962,29963,29959,29961,29960,29960,29961,29961,29960,29959,29959,29949,2383,5805,1330,29964,29966,29964,29965,6687,6406,29970,29971,29971,29971,29971,29970,29950,7012]} 1. e4 e6 2. d4 d5 3. Nd2 Nc6 4. Ngf3 Nf6 5. e5 Nd7 6. Bb5 a6 {C04: French Tarrasch: 3...Nc6} 7. Ba4 (7. Bxc6 bxc6 8. c4 dxc4 9. Nxc4 Nb6 10. Na5 Qd5 11. Bd2 c5 12. dxc5 Bxc5 13. Qc2 Be7 14. O-O Qd7 15. Rfd1 Nd5 {1-0 (38) Naiditsch,A (2702)-Zaragatski,I (2495) Germany 2018}) 7... b5 8. Bb3 Na5 9. c3 Nxb3 {LiveBook: 11 Games} 10. Nxb3 c5 11. dxc5 Nxc5 12. Be3 $146 ({Predecessor:} 12. O-O Qc7 13. Nxc5 Bxc5 14. Re1 {1-0 (28) Carlsson,P (2476)-Avalos Parra,J (2245) Caleta 2010}) 12... Qc7 (12... Na4 {feels hotter.} 13. Rb1 Be7 14. O-O O-O 15. Nfd4 Bd7) 13. Nxc5 Bxc5 14. Bxc5 Qxc5 15. Qd4 Qxd4 16. cxd4 Bd7 17. Kd2 Rc8 18. Rhc1 Rc4 19. b3 Rxc1 20. Rxc1 $14 {[%mdl 4096] Endgame KRB-KRN} Ke7 21. Ne1 Rc8 22. Rxc8 Bxc8 $16 {KB-KN} 23. b4 Kd7 24. Nd3 Kc6 {[#]} (24... Ke7 $16 {was worth a try.}) 25. Nf4 $1 $18 g6 26. h4 Kd7 27. Nd3 (27. h5 $18) 27... Ke7 $16 28. Ke3 Kf8 29. Kf4 Kg7 30. Kg5 h6+ 31. Kf4 Bd7 32. Nc5 Bc8 33. Ke3 Kf8 34. Kd2 Kg7 35. f3 Kf8 36. a4 {[%cal Ba2a4,Ba4a5][%mdl 32]} Kg7 $2 {[%mdl 8192] [#]} (36... g5 $16) 37. a5 $18 Kf8 38. Ke3 Kg7 39. Kf4 Kh7 40. Nd3 Kg7 $2 (40... Bd7 41. Kg4 Kg8) 41. Nf2 Kf8 42. Ng4 Kg7 43. Nf6 Bb7 44. Kg4 Bc6 45. h5 Kf8 46. Kh4 (46. f4 $142 Bb7 47. hxg6 fxg6 48. Nd7+ Ke7 49. Nf6 (49. Nc5 Bc8 $16)) 46... Kg7 47. f4 Kf8 48. g4 Kg7 49. g5 hxg5+ 50. Kxg5 gxh5 51. Nxh5+ Kf8 52. Kf6 Bd7 53. Ng3 Bc8 54. Ne2 Bd7 55. Ng1 Be8 56. Nf3 Bc6 57. Nh2 Be8 58. Nf1 Bc6 59. Ne3 Bd7 60. f5 (60. Ng4 $142 Bc6 61. Nh6) 60... Bc8 61. fxe6 Bxe6 62. Ng2 Bg4 63. Nf4 Bf3 64. e6 {White mates.} fxe6 65. Kxe6 Ke8 66. Kd6 Kd8 67. Nd3 {Precision: White = 87%, Black = 41%.} (67. Ne6+ $142 Kc8 68. Nc5 Bg4 69. Nxa6 Kb7 70. Nc5+ Kc8 71. Kxd5 Kb8 72. Ke5) 1-0

[Event "Botvinnik Cup 2018"]
[Site "Moscow"]
[Date "2018.08.10"]
[Round "2"]
[White "Kovalev, Vladislav"]
[Black "Yedigaryan, Asya"]
[Result "1-0"]
[WhiteElo "2667"]
[BlackElo "1622"]
[Annotator "TA"]
[PlyCount "85"]
[EventDate "2018.08.10"]
[EventCountry "RUS"]
[SourceTitle "playchess.com"]
[Source "ChessBase"]
[SourceQuality "1"]

{[%evp 14,85,45,40,53,39,56,50,87,65,92,62,100,40,39,50,120,118,103,102,132,132,130,110,111,93,158,134,142,134,173,195,440,406,420,306,323,323,316,319,293,274,319,239,341,340,318,280,274,219,221,225,457,439,610,589,577,576,555,538,714,700,755,747,970,969,961,940,898,833,1214,991,968,954]} 1. e4 c5 2. Nf3 Nc6 3. Bb5 g6 4. Bxc6 bxc6 5. d4 Bg7 6. dxc5 {B31: Sizilianisch (Rossolimo-Variante)} (6. O-O cxd4 7. Nxd4 Qb6 8. Be3 c5 9. Nb3 d6 10. N1d2 Ba6 11. c4 Rd8 12. h3 e6 13. Qg4 {½-½ (31) Delgado Ramirez,N (2618)-Zhigalko,S (2652) Baku 2016}) 6... Ba6 7. Nbd2 Qa5 8. Rb1 $1 {LiveBook: 4 Partien. Weiß steht etwas besser.} Qxc5 9. b4 Qd6 $146 ({Vorgänger:} 9... Qb6 10. c4 Nf6 11. O-O O-O 12. Ba3 d6 13. Qc2 {1-0 (45) Gadimbayli,A (2330)-Kazakovskiy,V (2328) Kirishi 2016}) 10. c4 Nh6 11. O-O O-O 12. h3 f5 13. e5 ({Lieber} 13. Qa4 $16 Bb7 14. Bb2) 13... Qc7 $14 14. Re1 $36 {[%mdl 2048] Weiss kämpft um Vorteil.} Bc8 {[#]} (14... c5 $14) 15. Nb3 $1 $16 Nf7 {[%cal Rf7e5]} 16. Qe2 Rb8 17. a3 e6 18. h4 Re8 19. Bf4 Qd8 (19... Bf8 $142) 20. Rbd1 h6 21. Qe3 Kh7 22. Qxa7 Rb6 $2 {[#]} (22... Qb6 {kämpft weiter.} 23. Qxb6 Rxb6) 23. Nc5 $18 Re7 24. Qa5 Rb8 25. Qxd8 Nxd8 26. Rd3 Nb7 27. Be3 Rf7 28. Nxb7 Rxb7 (28... Bxb7 $142 29. a4 Bf8) 29. Bc5 f4 30. Re4 Rf5 31. g4 fxg3 32. fxg3 d5 $2 (32... Rb8 33. a4 Kg8) 33. exd6 {Weiß steht klar auf Gewinn.} Rbf7 34. Kg2 Bd7 35. a4 {[%cal Ba3a4,Ba4a5,Ba5a6,Ba6a7][%mdl 32]} Rf8 36. a5 e5 37. a6 g5 38. hxg5 hxg5 39. g4 Rf4 40. Nxg5+ Kg6 41. Rxf4 Rxf4 42. a7 Rf8 43. Ne4 {Precision: Weiß = 75%, Schwarz = 33%.} 1-0

[Event "Botvinnik Cup 2018"]
[Site "Moscow"]
[Date "2018.08.10"]
[Round "2"]
[White "Korotylev, Alexey"]
[Black "Sharifov, Mekhriddin"]
[Result "1-0"]
[WhiteElo "2573"]
[BlackElo "1931"]
[Annotator "TA"]
[PlyCount "75"]
[EventDate "2018.08.10"]
[EventCountry "RUS"]
[SourceTitle "playchess.com"]
[Source "ChessBase"]
[SourceQuality "1"]

{[%evp 23,75,7,18,15,35,38,81,80,83,45,54,64,70,60,74,70,62,64,82,73,107,105,101,111,169,173,169,181,368,369,406,384,364,365,798,801,785,785,764,379,379,379,379,379,377,376,387,345,954,534,541,541,550,548]} 1. Nf3 Nf6 2. c4 c6 3. g3 d5 4. Bg2 g6 5. b3 Bg7 6. Bb2 O-O 7. O-O Re8 8. d3 Bg4 9. Nbd2 Nbd7 10. h3 Bxf3 11. Nxf3 e5 12. Qc2 Rc8 {LiveBook: 3 Games} 13. e3 $146 {A11: English Opening: 1...c6} ({Predecessor:} 13. Nd2 a5 14. Rac1 d4 15. a3 Bf8 16. e3 Nc5 17. exd4 exd4 18. Nf3 Ne6 19. Rce1 Qd6 20. Re2 Nd7 {1-0 (52) Gledura,B (2574)-Tuncer,T (2279) Izmir 2016}) 13... Qb6 14. Rac1 c5 15. cxd5 {White is better.} Nxd5 16. Qb1 Nb4 17. Rfd1 Nc6 18. Nd2 Qc7 19. a3 {[%cal Ba2a3,Ba3b4][%mdl 32]} Qd6 20. Bc3 Qe6 21. Ne4 h6 22. b4 cxb4 23. axb4 b5 {[#]} (23... Ne7 $16) 24. d4 $1 $18 {[%cal Rd4d5]} exd4 25. exd4 {[%cal Be3d4,Bd4d5,Bd5d6][%mdl 32]} Ne7 $2 {[#]} (25... Ncb8 26. Qa1 Qb6) 26. d5 $1 {[%cal Rd5e6][%mdl 512]} Qb6 (26... Nxd5 27. Bxg7) 27. d6 Nf5 28. Bxg7 Nxg7 $2 {[#]} (28... Rxc1 29. Qxc1 Nxg7 30. Qxh6 Nf5) 29. Rc7 $1 {[%mdl 512]} Rxc7 30. dxc7 Ne5 31. Nd6 (31. Qc1 $142 Rc8 32. Rd6 Qxc7 33. Qxc7 Rxc7 34. Rd8+ Ne8 35. Rxe8+ Kg7 36. Rxe5) 31... Qxc7 32. Nxe8 Nxe8 33. Qe4 Nf6 34. Qd4 Kg7 35. Ra1 Qd7 $2 (35... Nc6 36. Qc3 Qe5 37. Qxe5 Nxe5 38. Rxa7 Nd3) 36. Qxd7 {White is clearly winning.} Nfxd7 37. Rxa7 Nb6 38. Rb7 {Precision: White = 79%, Black = 13%.} 1-0

[Event "Botvinnik Cup 2018"]
[Site "Moscow"]
[Date "2018.08.10"]
[Round "2"]
[White "Korotylev, Alexey"]
[Black "Kandakov, Mehrbakhsh"]
[Result "1-0"]
[WhiteElo "2573"]
[BlackElo "1440"]
[Annotator "TA"]
[PlyCount "65"]
[EventDate "2018.08.10"]
[EventCountry "RUS"]
[SourceTitle "playchess.com"]
[Source "ChessBase"]
[SourceQuality "1"]

{[%evp 10,65,44,0,39,26,25,25,33,24,27,33,25,0,12,10,18,-29,-20,-26,-25,-17,12,0,-3,-11,10,10,18,16,22,0,29,27,292,312,275,278,312,309,302,299,319,316,318,283,321,309,308,287,270,267,278,256,324,306,750,749]} 1. Nf3 Nf6 2. c4 g6 3. Nc3 d5 4. Qa4+ c6 5. cxd5 Nxd5 6. g3 {LiveBook: 7 Partien. A16: Englische Eröffnung} (6. Qd4 f6 7. e4 e5 8. Nxe5 Nxc3 9. Qxc3 Qe7 10. Nf3 Qxe4+ 11. Kd1 Bb4 12. Qxf6 Rf8 13. Qe5+ Qxe5 14. Nxe5 Bc5 15. f3 Nd7 16. Nxd7 Bxd7 {1-0 (49) Fridman,D (2642)-Bulski,K (2532) Germany 2015}) 6... Nxc3 7. bxc3 Bg7 8. Bg2 {Weiß hat minimalen Vorteil.} O-O 9. O-O Nd7 $146 ({Vorgänger:} 9... Bf5 10. Qb3 Qb6 11. Ba3 Qxb3 12. axb3 {½-½ (19) Pena Aragon,S (1583)-Chirinos Rodriguez,J (1427) Santa Cruz de Tenerife 2014}) 10. d4 e5 11. Rd1 exd4 12. cxd4 Re8 13. Bg5 Nb6 14. Qb3 Qd5 15. Qb2 Bg4 {[#] Und weiter mit ...Lxf3 wäre nett.} 16. Ne5 $36 {[%mdl 2048] Weiss hat gut koordiniertes Spiel.} Qe6 {[%cal Rg7e5]} 17. Bf4 g5 18. Bxg5 Bxe5 19. dxe5 Qxe5 20. Qc1 Qxe2 21. Rd4 Bh5 $2 {[%mdl 8192]} (21... Qe6 $1 $11 {und Schwarz muss sich keine Sorgen machen.}) 22. Bf6 $18 {[#] jetzt Dh6 und aus.} Re6 23. Qh6 {[%csl Gf6][%cal Rh6g7]} Rxf6 24. Qxf6 Re8 25. Rd8 Bg6 26. Bf3 Qe6 27. Rxe8+ Qxe8 28. Rd1 Nd7 29. Qg5 Ne5 30. Be2 Kg7 31. h4 h6 32. Qe3 Qe7 $2 (32... f6 33. f4 Nd7 34. Qxa7 Qxe2 35. Rxd7+ Kg8) 33. f4 {Precision: Weiß = 69%, Schwarz = 38%.} 1-0

[Event "Botvinnik Cup 2018"]
[Site "Moscow"]
[Date "2018.08.10"]
[Round "2"]
[White "Paichadze, Luka"]
[Black "Allahverdiyeva, Ayan"]
[Result "1-0"]
[WhiteElo "2564"]
[BlackElo "2046"]
[Annotator "RC"]
[PlyCount "113"]
[EventDate "2018.08.10"]
[EventCountry "RUS"]
[SourceTitle "playchess.com"]
[Source "ChessBase"]
[SourceQuality "1"]
[TimeControl "5400+30"]

1. e4 {[%emt 0:00:00]} e6 {[%emt 0:00:01]} 2. d3 {[%emt 0:00:09]} d5 {[%emt 0:03:03]} 3. Qe2 {[%emt 0:00:08]} Ne7 {[%emt 0:00:27]} 4. g3 {[%emt 0:01:30]} c5 {[%emt 0:00:10]} 5. Nf3 {[%emt 0:00:34]} Nbc6 {[%emt 0:00:07]} 6. Bg2 {[%emt 0:00:15]} g6 {[%emt 0:00:17]} 7. h4 {[%emt 0:00:27]} h6 {[%emt 0:00:18]} 8. O-O {[%emt 0:01:20]} Bg7 {[%emt 0:00:02]} 9. c3 {[%emt 0:00:17]} b6 {[%emt 0:01:43]} 10. e5 {[%emt 0:01:18]} a5 {[%emt 0:03:21]} 11. Re1 {[%emt 0:00:24]} Qc7 {[%emt 0:07:35]} 12. Bf4 {[%emt 0:01:09]} Ba6 {[%emt 0:02:15]} 13. Nbd2 {[%emt 0:00:13]} O-O {[%emt 0:02:10]} 14. Nf1 {[%emt 0:01:04]} b5 {[%emt 0:01:57]} 15. Qd2 {[%emt 0:09:14]} Kh7 {[%emt 0:00:53]} 16. Ne3 {[%emt 0:02:47]} Ng8 {[%emt 0:06:11]} 17. Ng4 {[%emt 0:01:30]} Qe7 {[%emt 0:00:54]} 18. Kh2 {[%emt 0:04:02]} f5 {[%emt 0:05:23]} 19. exf6 {[%emt 0:00:12]} Nxf6 {[%emt 0:00:04]} 20. Nxf6+ {[%emt 0:01:42]} Qxf6 {[%emt 0:06:46]} 21. Ne5 {[%emt 0:12:52]} Nxe5 {[%emt 0:01:58]} 22. Rxe5 {[%emt 0:01:23]} Qf7 {[%emt 0:04:43]} 23. Rae1 {[%emt 0:01:20]} Bxe5 {[%emt 0:03:09]} 24. Rxe5 {[%emt 0:02:37]} b4 {[%emt 0:10:10]} 25. Qe3 {[%emt 0:04:57]} Rae8 {[%emt 0:07:31]} 26. d4 {[%emt 0:02:26]} bxc3 {[%emt 0:10:22]} 27. bxc3 {[%emt 0:00:50]} cxd4 {[%emt 0:03:36]} 28. cxd4 {[%emt 0:00:35]} Bc4 {[%emt 0:04:13]} 29. Bh3 {[%emt 0:06:50]} Bxa2 {[%emt 0:00:26]} 30. Qa3 {[%emt 0:05:12]} Bb1 {[%emt 0:02:57]} 31. Qxa5 {[%emt 0:00:51]} Bf5 {[%emt 0:01:04]} 32. Bg2 {[%emt 0:03:29]} g5 {[%emt 0:00:51]} 33. hxg5 {[%emt 0:03:46]} Qh5+ {[%emt 0:00:12]} 34. Kg1 {[%emt 0:00:35]} hxg5 {[%emt 0:01:49]} 35. Bd2 {[%emt 0:00:31]} Kg6 {[%emt 0:03:26]} 36. Qc3 {[%emt 0:01:39]} Rb8 {[%emt 0:01:19]} 37. f3 {[%emt 0:03:23]} g4 {[%emt 0:01:40]} 38. Re1 {[%emt 0:03:27]} Rh8 {[%emt 0:01:14]} 39. fxg4 {[%emt 0:01:21]} Qh2+ {[%emt 0:00:44]} 40. Kf1 {[%emt 0:00:23]} Be4 {[%emt 0:01:18]} 41. Rxe4 {[%emt 0:00:26]} Rb1+ {[%emt 0:01:33]} 42. Re1 {[%emt 0:01:05]} Rf8+ {[%emt 0:01:56]} 43. Bf4 {[%emt 0:00:07]} Rxf4+ {[%emt 0:00:07]} 44. gxf4 {[%emt 0:00:02]} Qxf4+ {[%emt 0:00:04]} 45. Bf3 {[%emt 0:01:07]} Rxe1+ {[%emt 0:00:37]} 46. Kxe1 {[%emt 0:00:20]} Qg3+ {[%emt 0:01:50]} 47. Kd1 {[%emt 0:00:05]} Qg1+ {[%emt 0:00:01]} 48. Kd2 {[%emt 0:00:14]} Qf2+ {[%emt 0:00:52]} 49. Be2 {[%emt 0:00:07]} Qf8 {[%emt 0:00:28]} 50. Qb3 {[%emt 0:03:36]} Qd6 {[%emt 0:00:14]} 51. Qe3 {[%emt 0:01:54]} Qb4+ {[%emt 0:00:16]} 52. Kc2 {[%emt 0:00:20]} Qa4+ {[%emt 0:00:19]} 53. Kc1 {[%emt 0:00:29]} Qa1+ {[%emt 0:01:05]} 54. Kd2 {[%emt 0:00:28]} Qa5+ {[%emt 0:00:03]} 55. Qc3 {[%emt 0:00:02]} Qd8 {[%emt 0:00:15]} 56. Qg3 {[%emt 0:01:25]} Qa5+ {[%emt 0:00:21]} 57. Ke3 {[%emt 0:00:13]} 1-0

[Event "Botvinnik Cup 2018"]
[Site "Moscow"]
[Date "2018.08.10"]
[Round "2"]
[White "Paichadze, Luka"]
[Black "Babazada, Khazar"]
[Result "1/2-1/2"]
[WhiteElo "2564"]
[BlackElo "2229"]
[Annotator "TA"]
[PlyCount "80"]
[EventDate "2018.08.10"]
[EventCountry "RUS"]
[SourceTitle "playchess.com"]
[Source "ChessBase"]
[SourceQuality "1"]

{[%evp 18,80,39,27,89,75,75,63,64,59,61,55,51,54,92,86,70,59,72,78,73,54,88,69,102,92,104,91,189,199,203,179,205,165,179,177,184,102,207,211,203,193,250,227,303,295,294,290,368,276,801,0,0,0,0,0,0,0,0,0,0,0,0,0,0]} 1. e4 {[%cal Be2e4,Be4e5][%mdl 32]} Nf6 2. e5 Nd5 3. c4 Nb6 4. d4 d6 5. f4 dxe5 6. fxe5 Nc6 7. Be3 Bf5 8. Nc3 e6 9. Nf3 Bb4 10. Be2 {LiveBook: 17 Partien} Qd7 {B03: Aljechin-Verteidigung (Vierbauernvariante)} (10... Na5 $11 {hält das Gleichgewicht.}) (10... O-O 11. O-O Na5 12. Nd2 Qd7 13. a3 Bxc3 14. bxc3 Qa4 15. Qxa4 Nxa4 16. Rac1 Rfd8 17. g4 Bg6 18. h4 {1-0 (30) Matinian,N (2495)-Yuffa,D (2534) Sochi 2016}) 11. O-O $16 O-O-O 12. a3 Bxc3 $1 {Weiß steht etwas besser.} 13. bxc3 Na5 14. c5 Nbc4 15. Bg5 $146 {Schwarz muss nun Lxc4 beachten.} ({Vorgänger:} 15. Bc1 Be4 16. Ng5 Bg6 17. c6 Qxc6 18. Nxf7 Bxf7 19. Rxf7 Nxe5 20. Rxg7 Qxc3 {1-0 (44) Blasl,D (2061)-Laqua,C (2214) Schwarzach 2002}) 15... Rdf8 16. Nd2 Nxd2 17. Bxd2 Be4 18. Rf4 $36 {[%mdl 2048] Weiss hat starke Initiative.} Bd5 19. Rb1 Bc4 20. Bf3 {Und weiter mit Txb7! wäre nett.} Bd5 {[#]} 21. Qf1 $1 Nc4 22. Bc1 b5 (22... f5 $16) 23. a4 $18 a6 24. axb5 axb5 25. Qf2 Kb7 26. Bxd5+ exd5 27. Be3 (27. h3 $18) 27... Qe6 (27... Rhg8 $16 {war nötig.}) 28. Rxb5+ Kc6 29. Rb4 Ra8 (29... Rb8 $142 30. Rf3 Rxb4 31. cxb4 Ra8) 30. h3 f5 31. Rxc4 dxc4 32. Rxf5 Rhb8 33. Kh2 Rb2 $2 {[#]} (33... Rb3) 34. Qxb2 $2 ({Weiss braucht} 34. d5+ $1 $18 {[%mdl 512]} Qxd5 (34... Kxd5 35. Qf3#) 35. Qxb2) 34... Qxf5 {[%mdl 4096] Endspiel KDT-KDL. Die Stellung ist ausgeglichen.} 35. d5+ Kxd5 36. Qb7+ c6 37. Qxa8 {Droht stark Dd8+.} Qxe5+ 38. Kh1 Qxe3 39. Qg8+ Qe6 40. Qd8+ $1 Ke5 {Precision: Weiß = 64%, Schwarz = 34%.} 1/2-1/2

[Event "Botvinnik Cup 2018"]
[Site "Moscow"]
[Date "2018.08.10"]
[Round "2"]
[White "Vaganian, Rafael A"]
[Black "Galkin, Gleb"]
[Result "1/2-1/2"]
[WhiteElo "2546"]
[BlackElo "2134"]
[Annotator "TA"]
[PlyCount "60"]
[EventDate "2018.08.10"]
[EventCountry "RUS"]
[SourceTitle "playchess.com"]
[Source "ChessBase"]
[SourceQuality "1"]

{[%evp 17,60,30,26,-14,-11,-3,-6,-38,0,14,36,-15,-15,-21,-22,-23,-12,-14,-12,-15,-15,-45,-31,-29,-25,-14,0,0,0,0,0,-22,-14,-49,0,0,0,0,0,0,2,0,0,0,0]} 1. d4 d5 2. c4 e6 3. Nf3 Nf6 4. Nc3 Be7 5. Bf4 O-O 6. e3 b6 7. cxd5 exd5 8. Bd3 Bb7 9. Qc2 {D37: Queen's Gambit Declined: 5 Bf4} (9. O-O c5 10. Ne5 Na6 11. Bb5 Qc8 12. Bg5 Rd8 13. Qa4 Nb8 14. f4 c4 15. Qd1 a6 16. Ba4 b5 17. Bc2 Qc7 18. Rf3 {1-0 (34) Andreikin,D (2720)-Johannessen,L (2503) Skopje 2015}) 9... c5 {LiveBook: 3 Games} 10. Ne5 Nc6 11. Nxc6 Bxc6 12. dxc5 $146 ({Predecessor:} 12. O-O c4 13. Bf5 b5 14. f3 g6 15. Bh3 Nh5 16. Bh6 Re8 {0-1 (44) Bartel,M (2350)-Gomes,M (2354) Chengdu 2015}) 12... bxc5 (12... d4 $15 13. Ne2 Bxc5 14. exd4 Bb4+ 15. Kf1 Rc8) 13. O-O $11 d4 14. exd4 (14. Ne2 $14) 14... cxd4 15. Ne4 Bxe4 16. Bxe4 Rc8 17. Qd3 Nxe4 18. Qxe4 Bf6 19. Rac1 Re8 20. Qd3 Rxc1 21. Bxc1 Qa5 22. a3 Qe5 23. Rd1 h5 {[%cal Bh7h5,Bh5h4][%mdl 32]} 24. g3 h4 25. Bf4 Qe2 26. Qxe2 {The position is equal.} Rxe2 27. Rd2 d3 28. Rxd3 Rxb2 29. gxh4 Bxh4 30. Be3 Be7 {Precision: White = 38%, Black = 53%.} 1/2-1/2

[Event "Botvinnik Cup 2018"]
[Site "Moscow"]
[Date "2018.08.10"]
[Round "2"]
[White "Vaganian, Rafael A"]
[Black "Lazavik, Denis"]
[Result "1/2-1/2"]
[WhiteElo "2546"]
[BlackElo "2235"]
[Annotator "TA"]
[PlyCount "73"]
[EventDate "2018.08.10"]
[EventCountry "RUS"]
[SourceTitle "playchess.com"]
[Source "ChessBase"]
[SourceQuality "1"]

{[%evp 24,73,13,18,0,-8,-11,-62,-35,-33,-14,-41,-39,-138,-142,-133,-136,-183,-189,-192,-180,-179,-81,-69,-52,-62,-23,-44,-31,-21,0,0,0,0,21,14,11,0,0,0,17,0,0,0,0,0,0,0,0,0,0,0]} 1. Nf3 d5 2. g3 Nf6 3. Bg2 c6 4. O-O Bf5 5. d3 e6 6. Nbd2 Be7 7. Qe1 h6 8. e4 Bh7 9. Ne5 {A07: Réti Opening: New York and Capablanca Systems} O-O 10. f4 Nbd7 11. Nxd7 Nxd7 12. Kh1 dxe4 (12... Re8 13. g4 a5 14. a4 Nc5 15. e5 b5 16. axb5 cxb5 {1-0 (55) Vaganian,R (2550)-Sveshnikov,E (2464) Minsk 2018}) 13. dxe4 {LiveBook: 8 Games} Qc7 14. g4 $146 ({Predecessor:} 14. a4 Rfe8 15. Qe2 Rad8 16. Nc4 b5 {1-0 (57) Peschke,U (2388)-Saule,Z (2386) ICCF email 2005}) 14... Rad8 15. h4 ({Better is} 15. Qe2 $11) 15... Nc5 16. Nb3 f5 (16... Na4 {seems wilder.} 17. Rb1 Nb6 18. h5 f6 19. Qc3 e5) 17. Nxc5 (17. gxf5 {keeps more tension.} exf5 18. e5 Bg6 19. Nxc5 Bxc5 20. Be3) 17... Bxc5 18. g5 ({White should try} 18. b4 $15 Bd4 19. c3) 18... hxg5 $17 19. hxg5 fxe4 20. Bxe4 {Threatens to win with g6.} Bxe4+ 21. Qxe4 Qf7 {( -> ...Qh5+)} 22. Kg2 {[#]} Qf5 (22... Rd4 $1 $19 {[%cal Rd4e4] has better winning chances.} 23. Qe5 Rd5) 23. Qxf5 Rxf5 24. b4 Bd4 25. Rd1 Rfd5 26. Rb1 e5 {The position is equal.} 27. c4 R5d7 28. Rb3 Ba1 29. Rxd7 Rxd7 $11 {[%mdl 4096] Endgame KRB-KRB} 30. Kf3 exf4 31. Bxf4 g6 32. b5 cxb5 33. cxb5 Kf7 34. Ra3 Rd5 35. Rxa7 Rxb5 36. Ra4 Be5 37. Bxe5 {Precision: White = 48%, Black = 40%.} 1/2-1/2

[Event "Botvinnik Cup 2018"]
[Site "Moscow"]
[Date "2018.08.10"]
[Round "2"]
[White "Khusnutdinov, Rustam"]
[Black "Sunnatov, Mirfayz"]
[Result "1/2-1/2"]
[WhiteElo "2470"]
[BlackElo "1868"]
[Annotator "TA"]
[PlyCount "73"]
[EventDate "2018.08.10"]
[EventCountry "RUS"]
[SourceTitle "playchess.com"]
[Source "ChessBase"]
[SourceQuality "1"]

{[%evp 14,73,-12,-25,4,-4,77,79,154,-16,38,43,37,35,49,41,74,11,0,-227,-220,-237,-225,-219,-220,-214,-218,-264,-171,-171,-163,-166,-164,-166,-164,-167,-146,-152,-143,-170,-158,-188,-196,-202,-152,-154,-59,-69,-8,-8,-8,-8,-8,-10,-10,-29,-8,-8,-8,-8,0,-8]} 1. e4 c5 2. Nc3 d6 3. f4 Nc6 4. Bb5 Bd7 5. Nf3 g6 6. O-O Bg7 7. Bc4 {B23: Closed Sicilian: Lines without g3} (7. d3 a6 8. Bxc6 Bxc6 9. Qe1 Qd7 10. Bd2 e6 11. Rb1 Ne7 12. a3 b5 13. b4 Bb7 14. Ne2 Rc8 15. Bc3 f6 16. Kh1 O-O 17. Qd2 Qc7 {0-1 (47) Anton Guijarro,D (2634)-Korobov,A (2700) Berlin 2015}) 7... e6 8. f5 {LiveBook: 4 Games} exf5 9. d3 Ne5 {[#]} (9... Nge7 $11 {keeps the balance.}) 10. exf5 $146 ({Predecessor:} 10. Bb3 Ne7 11. Qe1 N7c6 12. exf5 Bxf5 13. Bg5 f6 {1-0 (24) Biti,O (2378)-Babic,Z (2124) Pula 2011}) 10... Bxf5 {[#]} (10... Bc6 $142) 11. Bb5+ $2 (11. Bg5 $1 $16 {[%cal Rg5d8]} Qc8 12. Nxe5 Bxe5 13. Qf3) 11... Bd7 ({Black should play} 11... Kf8 $11) 12. Nxe5 $14 Bxe5 13. Qf3 {[%csl Gf1][%cal Rf3f7]} f5 $1 14. Qxb7 Nf6 15. Bxd7+ (15. Bc4 $16) 15... Nxd7 $11 16. Bg5 $2 (16. Nb5 $11 {and White is okay.} O-O 17. Qd5+ Kh8 18. Nxd6) 16... Rb8 $19 17. Bxd8 Rxb7 18. Ba5 Rxb2 19. Rac1 O-O 20. a3 Nb8 {aiming for ...Nc6.} 21. Nd5 Nc6 22. Bc3 Bxc3 23. Nxc3 Nd4 24. Rf2 Rc8 25. Nd5 {Black must now prevent Ne7+.} Kf8 26. Kf1 Rcb8 27. Ke1 Ra2 28. g4 Rbb2 ({Don't do} 28... Rxa3 29. c3 $17) 29. Ne3 Kg7 (29... Kf7 $17 30. Kf1 Ke6 31. gxf5+ gxf5) 30. gxf5 $15 gxf5 (30... Rb8 $15 31. f6+ Kf8) 31. Nxf5+ $11 Nxf5 32. Rxf5 Rxc2 33. Rxc2 Rxc2 $15 {KR-KR} 34. Rd5 Rc3 35. Rxd6 {The position is equal.} Rxa3 36. Rd5 Ra5 37. Kf2 {Precision: White = 48%, Black = 27%.} 1/2-1/2